Oklahoma County Seats - Statistics

General Stats
  • This quiz has been taken 58 times
  • The average score is 59 of 77
Answer Stats
County County Seat % Correct
Cimarron Boise City
100%
Comanche Lawton
100%
Muskogee Muskogee
100%
Oklahoma Oklahoma City
100%
Tulsa Tulsa
100%
Pontotoc Ada
92%
Carter Ardmore
92%
Beaver Beaver
92%
Texas Guymon
92%
Pittsburg McAlester
92%
Ottawa Miami
92%
Cleveland Norman
92%
Pottawatomie Shawnee
92%
Woodward Woodward
92%
Atoka Atoka
83%
Washington Bartlesville
83%
Canadian El Reno
83%
Garfield Enid
83%
Harmon Hollis
83%
McCurtain Idabel
83%
Kingfisher Kingfisher
83%
Nowata Nowata
83%
Okmulgee Okmulgee
83%
Sequoyah Sallisaw
83%
Payne Stillwater
83%
Murray Sulphur
83%
Cherokee Tahlequah
83%
Wagoner Wagoner
83%
Jackson Altus
75%
Woods Alva
75%
Caddo Anadarko
75%
Pushmataha Antlers
75%
Alfalfa Cherokee
75%
Grady Chickasha
75%
Rogers Claremore
75%
Coal Coalgate
75%
Stephens Duncan
75%
Bryan Durant
75%
Major Fairview
75%
Logan Guthrie
75%
Kiowa Hobart
75%
Choctaw Hugo
75%
Greer Mangum
75%
Love Marietta
75%
Kay Newkirk
75%
Okfuskee Okemah
75%
Garvin Pauls Valley
75%
Osage Pawhuska
75%
Noble Perry
75%
LeFlore Poteau
75%
Beckham Sayre
75%
Adair Stilwell
75%
Craig Vinita
75%
Cotton Walters
75%
Seminole Wewoka
75%
Ellis Arnett
67%
Harper Buffalo
67%
McIntosh Eufaula
67%
Tillman Frederick
67%
Hughes Holdenville
67%
Marshall Madill
67%
Grant Medford
67%
Pawnee Pawnee
67%
Mayes Pryor
67%
McClain Purcell
67%
Creek Sapulpa
67%
Johnston Tishomingo
67%
Jefferson Waurika
67%
Latimer Wilburton
67%
Lincoln Chandler
58%
Roger Mills Cheyenne
58%
Delaware Jay
58%
Washita New Cordell
58%
Haskell Stigler
58%
Dewey Taloga
58%
Blaine Watonga
58%
Custer Arapaho
42%
No matching quizzes found
Score Distribution
Percent of People with Each Score
Percentile by Number Answered
Your Score History
You have not taken this quiz